01626nas a22002417a 4500999001700000005001700017007001200034008004100046022001400087040000900101082001500110245008200125260003800207300001600245310001500261365001600276500092000292650006901212651001601281655002001297856003801317942002901355 c40826d4082620200520105904.0cz aa aaaaa200428c f||poo|||| 00| 0 eng d a2664-6544 coclc a570bJOU/B aInternational Journal of Bioscience and Biochemistryhe-Journal (Open Access) bPrime PublicationsaDelhi, India  aPDF(online) aSemiannual eOpen Access aInternational Journal of Bioscience and Biochemistry is an open access Journal which covers all areas of Bioscience especially related to Biochemistry, Biotechnology, Bioinformatics, Cell biology, morphology, physiology, genetics, Botany, Cryobiology, Ecology, Ethno-biology, taxonomy, ecology, Genetic Engineering, Life Sciences, Molecular Biology, Microbiology, and biogeography, Nanotechnology, Pharmaceutical Sciences, Toxicology, Genomics and Bioinformatics, Molecular Biology, Biochemical Engineering, Bioprocess Engineering, Industrial Processes, Medical Biotechnology, Agro, Food Biotechnology, etc. The journal provides the choice of both open access and subscription mode of publication to the authors and publishes almost all types of write-ups like research articles, review, case reports, case study, commentary, letter to editor, mini review, opinion, short communication, book review, editorials etc. 092322aNatural sciences & mathematicsvLife sciences; biology 092254aIndia 092257ae-Journal uhttp://www.biosciencejournal.net/ 2ddccEJh570k570mJOU/B